| 000 | 01389cam a2200385 i 4500 | ||
|---|---|---|---|
| 999 |
_c200443267 _d61479 |
||
| 001 | 200443267 | ||
| 003 | TR-AnTOB | ||
| 005 | 20260310144046.0 | ||
| 007 | ta | ||
| 008 | 000324s1995 tu d 000 0 tur d | ||
| 020 | _a9751910145 | ||
| 035 | _a(TR-AnTOB)200443267 | ||
| 040 |
_aBGZ _beng _erda _cBGZ _dTR-AnTOB |
||
| 041 | 0 | _atur | |
| 050 | 4 |
_aJF1601 _b.A84 1995 |
|
| 090 |
_aJF1601 _b.A84 1995 |
||
| 100 | 1 |
_aAteş, Mustafa _eauthor _934413 |
|
| 245 | 1 | 0 |
_aKamu hizmetlerinde işe alma sistemleri ve Türkiye'de uygulanan politikalar üzerine bir inceleme / _cMustafa Ateş. |
| 264 | 1 |
_aAnkara : _bDevlet Planlama Teşkilatı, _c1995. |
|
| 300 |
_aviii, 216 pages : _btables, graphics ; _c24 cm |
||
| 336 |
_atext _btxt _2rdacontent |
||
| 337 |
_aunmediated _bn _2rdamedia |
||
| 338 |
_avolume _bnc _2rdacarrier |
||
| 490 | 0 |
_aDevlet Planlama Teşkilatı ; _vyayın no. DPT 2383. |
|
| 500 | _aUzmanlık Tezi. | ||
| 650 | 7 |
_aDevlet hizmeti _zTürkiye _2etuturkob _932340 |
|
| 650 | 7 |
_aİşgücü politikası _zTürkiye _2etuturkob _918219 |
|
| 650 | 0 |
_aDevlet hizmeti _zTürkiye _xPersonel yönetimi _9103162 |
|
| 650 | 7 |
_aDevlet memurları _zTürkiye _2etuturkob _9132370 |
|
| 651 | 7 |
_aTürkiye _xMemurlar ve çalışanlar _2etuturkob _98400 |
|
| 710 | 2 |
_aDevlet Planlama Teşkilatı (Turkey) _9131299 |
|
| 942 |
_2lcc _cBK |
||